000 00639nam a2200229Ia 4500
003 OSt
005 20220923225848.0
006 a|||||r|||| 00| 0
007 ta
008 Pun
024 _a275,405
037 _cTextual
040 _aARTS
_cARTS
_bPun
041 _2Pun
_aPun
082 _aO153,1N05:g, L3
100 _aਸਿੰਘ, ਪ੍ਰੀਤਮ
_9156291
245 0 _aਪ੍ਰੋ ਮੋਹਨ ਸਿੰਘ ਦੀ ਕਾਵਿ ਕਲਾ
260 _c1973
650 _aਪੰਜਾਬੀ ਸਾਹਿਤ
942 _hO153,1N05:g, L3
_cTEXL
_2CC
999 _c380917
_d380917